Nuevo diccionario de americanismos e indigenismos /

Guardado en:
Autor Principal: Morínigo, Marcos.
Formato: Libro
Idioma:Undetermined
Publicado: Buenos Aires : Claridad, 1998.
Edición:1a. ed.
Materias:
Etiquetas: Agregar Etiqueta
Sin Etiquetas, Sea el primero en etiquetar este registro!
LEADER 00518nam a22001695a 4500
001 CEM.cems020244
008 230704s1998####ag############000#0#und#d
005 20230704170035.0
245 1 0 |a Nuevo diccionario de americanismos e indigenismos /  |c Marcos Morínigo. 
250 |a 1a. ed. 
260 |a Buenos Aires :  |b Claridad,  |c 1998. 
300 |a 700 p. 
020 |a 9506201285 
100 1 |a Morínigo, Marcos. 
653 |a Diccionarios 
653 |a Lenmguas amerindias 
859 |a CEMS  |b BIB. CEMS - 11 de abril  |h 467  |i M825  |p 29383.22  |t Ej.1